| 000 | 00493cam a2200193Ia 4500 | ||
|---|---|---|---|
| 020 | _a1877059730 | ||
| 020 | _a9781877059735 | ||
| 040 | _cDJB | ||
| 082 | _a633 PUC 2004 A053 Or. | ||
| 100 | 1 | _aPuckridge, Don | |
| 245 | 1 | 4 |
_aThe burning of the rice : _ba Cambodian success story / |
| 300 |
_avii, 326 pages : _billustrations ; _c21 cm |
||
| 650 | 0 | _aRice | |
| 650 | 0 | _aRice | |
| 650 | 0 | _aHumanitarian assistance | |
| 650 | 0 | _aFamines | |
| 650 | 0 | _aPostwar reconstruction | |
| 942 | _cEK | ||
| 999 |
_c14896 _d14896 |
||